000
00242nam a22001097a 4500
003
OSt
008
250204b |||||||| |||| 00| 0 eng d
041
_a
eng
100
_a
Subramanya, K
_9
149
245
_a
Water Resources Engineering
942
_c
BK
999
_c
19285
_d
19285